Polonia en defensa de la libertad (1939-1945)

Na minha lista:
Detalhes bibliográficos
Autor principal: Krzysztof Cygan, Wiktor; Skalski, Jacek
Formato: Livro
Idioma:Undetermined
Publicado em: Varsovia, Polonia Wiktor Krzysztof Cygan, Jacek Skalski 2006
Edição:2
Assuntos:
Tags: Adicionar Tag
Sem tags, seja o primeiro a adicionar uma tag!

MARC

LEADER 00000nam a2200000Ia 4500
008 170316s9999 xx 000 0 und d
090 |a 800-P K-1p 
100 |a Krzysztof Cygan, Wiktor; Skalski, Jacek 
245 |a Polonia en defensa de la libertad (1939-1945) 
250 |a 2 
260 |a Varsovia, Polonia 
260 |b Wiktor Krzysztof Cygan, Jacek Skalski 
260 |c 2006 
300 |a 116 páginas 
650 |a OTRAS LITERATURAS 
650 |a LITERATURA DE POLONIA 
650 |a HISTORIA POLACA 
650 |a EL HOLOCAUSTO 
650 |a HISTORIA POLACA 
650 |a SEGUNDA GUERRA MUNDIAL 
999 |c 19956  |d 19956 
040 |a cru BVZT 
942 |c 15 D  |h 800-P K-1p  |2 z